| 000 | 00753nam a2200193Ia 4500 | ||
|---|---|---|---|
| 005 | 20251020182601.0 | ||
| 008 | 200515s9999 xx 000 0 und d | ||
| 082 | _aSC/333.325/A60/1982 | ||
| 110 | _aAsociación Latinoamericana de Instituciones Financieras de Desarrollo | ||
| 245 | 0 | _aModalidades de financiamiento a la vivienda y construcción | |
| 260 | _aRio de Janeiro | ||
| 260 | _c1980 | ||
| 300 | _a354 | ||
| 520 | _aSeminario sobre Modalidades de Financiamiento a la vivienda y Construcción que fue organizado conjuntamente con el banco Nacional de Habitacao, de Brasil, y ALIDE, contando con el auspicio de entidades españolas | ||
| 650 | _aFINANCIAMIENTO | ||
| 650 | _aVIVIENDAS | ||
| 650 | _aVIVIENDAS DE BAJO COSTO | ||
| 942 | _cLIB | ||
| 999 |
_c3041 _d3041 |
||